FC 26 TOTW 14 - Statistics

General Stats
  • This quiz has been taken 5 times
  • The average score is 5 of 23
Answer Stats
rat pos club plaeyr % Correct
TOTW 90 CAM FC Barcelona Raphinha
100%
TOTW 86 ST Liverpool Hugo Ekitiké
50%
TOTW 86 RB OL Lyonnes Ashley Lawrence
25%
TOTW 86 ST Hellas Verona Gift Orban
25%
TOTW 86 CDM Nottingham Forest Ibrahim Sangaré
25%
TOTW 83 LM VfB Stuttgart Jamie Lewelling
25%
TOTW 86 LB Wolfsburg Frauen Janou Levels
25%
TOTW 83 CM Udinese Jurgen Ekkelenkamp
25%
TOTW 83 ST RC Lens Odsonne Édouard
25%
TOTW 84 RM Trabzonspor Oleksandr Zubkov
25%
TOTW 83 CDM Mallorca Omar Mascarell
25%
TOTW 85 CB Bayer Leverkusen Robert Andrich
25%
TOTW 86 ST Benfica Vangelis Pavlidis
25%
TOTW 84 RM Girona Viktor Tsygankov
25%
TOTW 83 CAM Toulouse Yann Gboho
25%
TOTW 83 RW CFR Cluj Andrei Cordea
0%
TOTW 83 CB Lugano Antonios Papadopoulos
0%
TOTW 83 RM Man City Women Aoba Fujino
0%
TOTW 84 CB Estudientes Fernando Muslera
0%
TOTW 83 RM Fulham Harry Wilson
0%
TOTW 83 CB Preston North End Jordan Storey
0%
TOTW 83 ST Nürnberg Frauen Nastassya Lein
0%
TOTW 83 ST FC Twente Sam Lammers
0%
No matching quizzes found
Score Distribution
Percent of People with Each Score
Percentile by Number Answered
Your Score History
You have not taken this quiz